000 00483nam a2200145Ia 4500
003 OSt
005 20260124103846.0
008 211028s2017 xx 000 0 und d
040 _cAIMIT LIBRARY
041 _aeng
100 _aCutinha, Helma Maria; Suresh, Rajani.
_g1516055
_97631
245 _aStudy on evaluation of training effectiveness and personality development at Indian designs exports pvt ltd Bangalore /
260 _aMangalore
_bRajani Suresh.
_c2017
942 _2ddc
_cPRO
999 _c219199
_d219199